Ч. 1; Коммуникативные аспекты языка и культуры
| Parent link: | Коммуникативные аспекты языка и культуры: сборник материалов XIV Международной научно-практической конференции студентов и молодых ученых, г. Томск, 21-23 мая 2014 г./ Национальный исследовательский Томский политехнический университет (ТПУ), Институт международного образования и языковой коммуникации (ИМОЯК) ; под ред. С. А. Песоцкой. Ч. 1.— , 2014 |
|---|---|
| Riassunto: | Заглавие с титульного экрана В статьях сборника рассматриваются национальный образ мира и проблемы взаимовосприятия представителей разных культур, аспекты теории и практики перевода как вид межкультурной коммуникации, актуальные проблемы лингводидактики, в том числе новые формы и методы преподавания иностранных языков, аспекты восприятия и интерпретации элементов структуры текста в контексте его понимания как системного единства, теоретические и прикладные аспекты изучения языков и культур стран Азиатско-тихоокеанского региона . Сборник адресован преподавателям вузов, школ, лицеев, аспирантам, студентам, практикующим переводчикам, всем, кого интересует мир языков и культур. |
| Lingua: | russo |
| Pubblicazione: |
2014
|
| Soggetti: | |
| Accesso online: | http://earchive.tpu.ru/handle/11683/21492 http://www.lib.tpu.ru/fulltext/c/2014/C77/V1/C77_V1.pdf |
| Natura: | Elettronico Libro |
| KOHA link: | https://koha.lib.tpu.ru/cgi-bin/koha/opac-detail.pl?biblionumber=609780 |
MARC
| LEADER | 00000nam2a2200000 4500 | ||
|---|---|---|---|
| 001 | 609780 | ||
| 005 | 20231102023212.0 | ||
| 035 | |a (RuTPU)RU\TPU\conf\7314 | ||
| 090 | |a 609780 | ||
| 100 | |a 20141208d2014 k y0rusy50 ca | ||
| 101 | 0 | |a rus |c eng | |
| 102 | |a RU | ||
| 105 | |a a z 101zy | ||
| 135 | |a drnn ---uucaa | ||
| 181 | 0 | |a i | |
| 182 | 0 | |a b | |
| 200 | 0 | |a Ч. 1 | |
| 203 | |a Текст |c электронный | ||
| 210 | |d 2014 | ||
| 230 | |a 1 компьютерный файл (pdf; 2,8 MB) | ||
| 300 | |a Заглавие с титульного экрана | ||
| 320 | |a Библиогр. в конце статей | ||
| 330 | |a В статьях сборника рассматриваются национальный образ мира и проблемы взаимовосприятия представителей разных культур, аспекты теории и практики перевода как вид межкультурной коммуникации, актуальные проблемы лингводидактики, в том числе новые формы и методы преподавания иностранных языков, аспекты восприятия и интерпретации элементов структуры текста в контексте его понимания как системного единства, теоретические и прикладные аспекты изучения языков и культур стран Азиатско-тихоокеанского региона . Сборник адресован преподавателям вузов, школ, лицеев, аспирантам, студентам, практикующим переводчикам, всем, кого интересует мир языков и культур. | ||
| 337 | |a Adobe Reader | ||
| 461 | 1 | |0 (RuTPU)RU\TPU\conf\7313 |t Коммуникативные аспекты языка и культуры |o сборник материалов XIV Международной научно-практической конференции студентов и молодых ученых, г. Томск, 21-23 мая 2014 г. |o в 3 ч. |f Национальный исследовательский Томский политехнический университет (ТПУ), Институт международного образования и языковой коммуникации (ИМОЯК) ; под ред. С. А. Песоцкой |v Ч. 1 |d 2014 | |
| 606 | 1 | |a Иностранные языки |x Изучение |2 stltpush |3 (RuTPU)RU\TPU\subj\12663 |9 39410 | |
| 606 | 1 | |a Межкультурная коммуникация |x Общие вопросы |2 stltpush |3 (RuTPU)RU\TPU\subj\67936 |9 83528 | |
| 610 | 1 | |a конференции | |
| 610 | 1 | |a труды учёных ТПУ | |
| 610 | 1 | |a электронный ресурс | |
| 610 | 1 | |a обучение | |
| 610 | 1 | |a преподавание | |
| 610 | 1 | |a методика | |
| 610 | 1 | |a языковые коммуникации | |
| 610 | 1 | |a лингвистика | |
| 610 | 1 | |a язык | |
| 610 | 1 | |a культура | |
| 610 | 1 | |a лингвокультурология | |
| 610 | 1 | |a профессиональное образование | |
| 610 | 1 | |a переводы | |
| 610 | 1 | |a переводоведение | |
| 610 | 1 | |a тексты | |
| 610 | 1 | |a художественная литература | |
| 610 | 1 | |a студенческие конференции | |
| 610 | 1 | |a межкультурные коммуникации | |
| 686 | |a Ш12-9л0 |v LBC/SL-A |2 rubbk | ||
| 686 | |a Ч114л0 |v LBC/SL-A |2 rubbk | ||
| 801 | 2 | |a RU |b 63413507 |c 20210917 |g RCR | |
| 856 | 4 | |u http://earchive.tpu.ru/handle/11683/21492 | |
| 856 | 4 | |u http://www.lib.tpu.ru/fulltext/c/2014/C77/V1/C77_V1.pdf | |
| 942 | |c BK | ||